[Event "RSA-ch Seniors"]
[Site "Cape Town"]
[Date "2024.03.31"]
[Round "8"]
[White "Schutte, Andre"]
[Black "Wilken, Justin Barend"]
[Result "0-1"]
[WhiteElo "1839"]
[BlackElo "1884"]
[PlyCount "94"]
[EventDate "2024.03.25"]
[EventType "tourn"]
[EventRounds "11"]
[EventCountry "RSA"]
[SourceTitle "CB14_2024"]
[SourceDate "2024.04.01"]
[SourceVersion "1"]
[SourceVersionDate "2024.04.01"]
[SourceQuality "1"]

1. e4 c5 2. c4 Nc6 3. Nc3 e6 4. g3 Nd4 5. Bg2 Ne7 6. Nge2 Nec6 7. 0-0 d6 8. d3 Be7 9. Rb1 0-0 10. a3 Rb8 11. b4 Bd7 12. b5 Nxe2+ 13. Nxe2 Nd4 14. Nxd4 cxd4 15. Bb2 e5 16. f4 a6 17. a4 axb5 18. axb5 Ra8 19. Qb3 Qa5 20. Qc2 Qc7 21. Bc1 Ra5 22. Qd1 Rfa8 23. Bd2 Ra2 24. Bb4 Qc8 25. f5 Bg5 26. Qg4 Be3+ 27. Kh1 Qc7 28. Bf3 b6 29. Bd1 Ra1 30. Bb3 Rxb1 31. Rxb1 g6 32. h4 Kh8 33. Qf3 gxf5 34. exf5 Rg8 35. Kh2 Bc8 36. Rf1 Bb7 37. Qe2 e4 38. Be1 Qe7 39. dxe4 Qxe4 40. Qc2 d3 41. Bc3+ Bd4 42. Bxd4+ Qxd4 43. Qd2 Re8 44. Bd1 Re3 45. Qf2 f6 46. g4 Qe5+ 47. Qf4 Re2+ 0-1

[Event "WchT Seniors 50"]
[Site "Prague"]
[Date "2020.03.07"]
[Round "2.19"]
[White "Priedite, Ingrida"]
[Black "Schutte, Andre"]
[Result "1/2-1/2"]
[WhiteElo "2038"]
[BlackElo "1827"]
[PlyCount "55"]
[EventDate "2020.03.06"]
[EventType "team-swiss"]
[EventRounds "7"]
[EventCountry "CZE"]
[SourceTitle "CBM 195 Extra"]
[Source "ChessBase"]
[SourceDate "2020.05.31"]
[SourceVersion "1"]
[SourceVersionDate "2020.05.31"]
[SourceQuality "1"]
[WhiteTeam "Latvia 50 (W)"]
[BlackTeam "South Africa 50"]
[WhiteTeamCountry "LAT"]
[BlackTeamCountry "RSA"]

1. c4 e5 2. Nc3 Nf6 3. g3 Nc6 4. Bg2 Bb4 5. Nf3 Bxc3 6. bxc3 0-0 7. 0-0 Re8 8. d3 h6 9. Nd2 d5 10. cxd5 Nxd5 11. Ne4 Rb8 12. c4 Nde7 13. Rb1 b6 14. Bb2 Bb7 15. f4 exf4 16. Rxf4 Ng6 17. Rf2 Nce5 18. h3 Nxc4 19. Nf6+ gxf6 20. dxc4 Bxg2 21. Kxg2 Qxd1 22. Rxd1 Rbd8 23. Rxd8 Rxd8 24. Bxf6 Rd2 25. e4 Rd3 26. Rf3 Rd2+ 27. Rf2 Rd3 28. Rf3 1/2-1/2

[Event "RSA-ch Seniors"]
[Site "Cape Town"]
[Date "2019.12.12"]
[Round "6"]
[White "Schutte, Andre"]
[Black "Southey, Andrew M"]
[Result "1/2-1/2"]
[WhiteElo "1859"]
[BlackElo "1758"]
[PlyCount "68"]
[EventDate "2019.12.07"]
[EventType "tourn"]
[EventRounds "11"]
[EventCountry "RSA"]
[SourceTitle "CBM 193 Extra"]
[Source "ChessBase"]
[SourceDate "2020.01.31"]
[SourceVersion "1"]
[SourceVersionDate "2020.01.31"]
[SourceQuality "1"]

1. e4 c5 2. c4 Nc6 3. g3 g6 4. Bg2 Bg7 5. Ne2 d6 6. 0-0 e5 7. d3 Nf6 8. Nbc3 0-0 9. Nd5 Nxd5 10. cxd5 Nd4 11. Nxd4 cxd4 12. f4 f5 13. fxe5 dxe5 14. Qb3 Kh8 15. Bd2 g5 16. exf5 Bxf5 17. Be4 Bxe4 18. Rxf8+ Bxf8 19. dxe4 Bc5 20. Rf1 Qe7 21. Rf5 h6 22. g4 b6 23. Qh3 Kg7 24. Qh5 Qe8 25. Qxe8 Rxe8 26. Kf1 Rf8 27. Rxf8 Bxf8 28. Ke2 b5 29. Ba5 Bd6 30. Kd3 Kf7 31. Bd8 Kg6 32. h4 gxh4 33. Bxh4 h5 34. gxh5+ Kxh5 1/2-1/2

[Event "RSA-ch Seniors"]
[Site "Cape Town"]
[Date "2019.12.10"]
[Round "4"]
[White "November, Edwin J"]
[Black "Schutte, Andre"]
[Result "0-1"]
[WhiteElo "1618"]
[BlackElo "1859"]
[PlyCount "80"]
[EventDate "2019.12.07"]
[EventType "tourn"]
[EventRounds "11"]
[EventCountry "RSA"]
[SourceTitle "CBM 193 Extra"]
[Source "ChessBase"]
[SourceDate "2020.01.31"]
[SourceVersion "1"]
[SourceVersionDate "2020.01.31"]
[SourceQuality "1"]

1. d4 Nf6 2. e3 g6 3. Bd3 d5 4. Nd2 Bg7 5. f4 Nc6 6. c3 Bf5 7. Bxf5 gxf5 8. Ngf3 Ne4 9. Ne5 Nxe5 10. fxe5 e6 11. Qa4+ Qd7 12. Qb3 0-0-0 13. Nxe4 dxe4 14. Bd2 h5 15. 0-0-0 f6 16. Be1 h4 17. g3 fxe5 18. dxe5 Qxd1+ 19. Qxd1 Rxd1+ 20. Kxd1 Bxe5 21. gxh4 Bf6 22. Ke2 Bxh4 23. Bxh4 Rxh4 24. h3 e5 25. Kf2 f4 26. Kg2 Kd7 27. Re1 f3+ 28. Kg3 Rh8 29. h4 Rg8+ 30. Kh3 Ke6 31. h5 Kf5 32. Rd1 Rg5 33. Kh4 Rg2 34. Rh1 Rxb2 35. a4 Re2 36. c4 Rxe3 37. h6 Kg6 38. Kg4 Re2 39. Rh4 Kh7 40. Rh1 f2 0-1